000 00651nam a22002297a 4500
999 _c3714
_d3714
003 AR-CdUCM
008 190307b ||||| |||| 00| 0 spa d
020 _a84.7525-105-6
040 _aMUNICIPALIDAD PROVINCIAL DEL CUSCO
_cBIBLIOTECA MUNICIPAL DEL CUSCO
041 _heng
082 _a828.9 /
_bH15
100 _aR. Haggard, Henry
_912033
245 _aElla /
260 _aMadrid :
_bHyspamerica Ediciones,
_c1983.
300 _a335 páginas ;
_c24 cm.
650 _aNovela
_95
650 _aAventura
_91719
650 _aMisterio
_912034
710 _aEd. castellana: Ediciones Generales Anaya
_912035
942 _2ddc
_cLIBROS
945 _admma